Get the Picture: Where's 'B' in USA? Quiz Stats

 Plays Quiz Updated Aug 19, 2019

Score 0/12 Timer 02:00
1 Play Today
Question Answer Wrong Answers
Boston Northeast
97.3%
Northwest
0.6%
Southwest
0.4%
Southeast
0.4%
Baltimore Northeast
94.8%
Northwest
1.4%
Southwest
0.4%
Southeast
2.3%
Baton Rouge Southeast
94.3%
Northwest
1%
Northeast
1.5%
Southwest
2%
Buffalo Northeast
94%
Northwest
2.5%
Southwest
1.5%
Southeast
0.7%
Boise Northwest
90.8%
Northeast
4.5%
Southwest
1.3%
Southeast
2%
Boulder Northwest
87.6%
Northeast
1.9%
Southwest
8%
Southeast
1.1%
Birmingham Southeast
85.7%
Northwest
4.3%
Northeast
4.1%
Southwest
4.6%
Boca Raton Southeast
84.2%
Northwest
2.7%
Northeast
2.1%
Southwest
9.6%
Billings Northwest
84.1%
Northeast
7.1%
Southwest
3.3%
Southeast
3.9%
Burbank Southwest
71.8%
Northwest
19.3%
Northeast
5.3%
Southeast
2.1%
Brownsville Southwest
54.9%
Northwest
6.7%
Northeast
14%
Southeast
23%
Bakersfield Southwest
50%
Northwest
32.7%
Northeast
12%
Southeast
3.9%

Today's Daily Dose

Word Ladder
Lean on Me

Get the Picture
Superhero by Villain

You're not logged in!

Compare scores with friends on all Sporcle quizzes.
OR
Log In

Sporcle TV

Today on Sporcle TV


Watch our educational content, quiz creation guides, and fun videos on Sporcle TV.

Show Comments

Extras

Top Quizzes Today


Score Distribution

Your Account Isn't Verified!

In order to create a playlist on Sporcle, you need to verify the email address you used during registration. Go to your Sporcle Settings to finish the process.

Report this User

Report this user for behavior that violates our Community Guidelines.

Details: